000
00213nam a2200085Ia 4500
008
211105s9999 xx 000 0 und d
020
_a
"
100
_a
Bentley, Sue, , 1951-
_9
126012
245
2
_a
A shimmering splash
999
_c
596285
_d
596284